000 00213 a2200097 4500
001 31416
100 _aSiler, Brian
245 _aUsing Visual Basic six
260 _aNew Delhi
_bPHI
_c1998
090 _c21303
_d21303
942 _aNUST-CAE
_cM
_c12563
999 _c266489
_d266489